000
00318nam a22001337a 4500
008
170712b xxu||||| |||| 00| 0 eng d
020
_a
9780394581651
041
_a
eng
080
_2
3 ED
_a
038
100
_a
23
101
_a
ENC
245
_a
A BIOGRAPHICAL DICTIONARY OF FILM
_c
THOMSON.D
942
_2
udc
_c
BK
999
_c
20293
_d
20293